| 000 | 00549nam a22001697a 4500 | ||
|---|---|---|---|
| 003 | OSt | ||
| 008 | 260627b |||||||| |||| 00| 0 eng d | ||
| 020 | _a9780128177266 | ||
| 082 |
_a660.6 _bG57B |
||
| 100 | _aGodbey, W.T. | ||
| 245 | _aBiotechnology and its Applications Using Cells to Change the World/ by W.T. Godbey | ||
| 250 | _a2nd. ed. | ||
| 260 |
_aLondon: _bAcademic Press, _c2022. |
||
| 300 | _axviii, 462 p. | ||
| 650 | _aTechnology (Applied Sciences) | Chemical Engineering and Related Technologies | Biotechnology | ||
| 942 |
_2ddc _cBK |
||
| 999 |
_c52372 _d52372 |
||